[Event "Russian Rapid Team Championship (m)"]
[Site "Sochi"]
[Date "2022.10.19"]
[Round "6.13"]
[White "Lazavik, Denis"]
[Black "Savchenko, Boris"]
[Result "1-0"]
[BlackElo "2605"]
[WhiteElo "2435"]
[LiveChessVersion "1.4.8"]

1. d4 {[%clk 0:15:16]} Nf6 {[%clk 0:14:24]} 2. c4 {[%clk 0:15:19]} e6
{[%clk 0:14:31]} 3. Nf3 {[%clk 0:15:13]} b6 {[%clk 0:14:31]} 4. g3
{[%clk 0:15:03]} Bb4+ {[%clk 0:14:36]} 5. Bd2 {[%clk 0:15:00]} c5
{[%clk 0:14:43]} 6. Bxb4 {[%clk 0:14:47]} cxb4 {[%clk 0:14:50]} 7. Bg2
{[%clk 0:14:49]} Bb7 {[%clk 0:14:57]} 8. O-O {[%clk 0:14:37]} a5 {[%clk 0:15:05]}
9. a3 {[%clk 0:13:43]} Na6 {[%clk 0:15:13]} 10. Qd3 {[%clk 0:13:30]} O-O
{[%clk 0:15:04]} 11. Nbd2 {[%clk 0:13:31]} Re8 {[%clk 0:10:38]} 12. Rfd1
{[%clk 0:12:37]} d6 {[%clk 0:10:02]} 13. Ne1 {[%clk 0:12:14]} Bxg2
{[%clk 0:09:09]} 14. Kxg2 {[%clk 0:11:52]} Qe7 {[%clk 0:08:32]} 15. e4
{[%clk 0:11:01]} e5 {[%clk 0:07:45]} 16. f3 {[%clk 0:10:45]} exd4
{[%clk 0:05:50]} 17. Qxd4 {[%clk 0:10:29]} bxa3 {[%clk 0:05:35]} 18. bxa3
{[%clk 0:10:07]} Nc5 {[%clk 0:04:30]} 19. Nc2 {[%clk 0:09:33]} Nfd7
{[%clk 0:04:24]} 20. Rab1 {[%clk 0:08:42]} f5 {[%clk 0:03:17]} 21. Qd5+
{[%clk 0:06:17]} Qf7 {[%clk 0:03:20]} 22. Qxf7+ {[%clk 0:05:38]} Kxf7
{[%clk 0:03:27]} 23. exf5 {[%clk 0:05:40]} Re2+ {[%clk 0:03:33]} 24. Kg1
{[%clk 0:05:26]} Ne5 {[%clk 0:03:26]} 25. Nd4 {[%clk 0:05:14]} Re3
{[%clk 0:03:33]} 26. f4 {[%clk 0:04:55]} Ng4 {[%clk 0:02:42]} 27. N2f3
{[%clk 0:04:38]} Na4 {[%clk 0:00:44]} 28. h3 {[%clk 0:03:43]} Nf6
{[%clk 0:00:51]} 29. Rb3 {[%clk 0:03:29]} Rae8 {[%clk 0:00:57]} 30. Rdb1
{[%clk 0:02:12]} h6 {[%clk 0:00:42]} 31. Kg2 {[%clk 0:02:01]} R8e4
{[%clk 0:00:19]} 32. Kf2 {[%clk 0:01:16]} Nc3 {[%clk 0:00:21]} 33. Rc1
{[%clk 0:00:59]} Re8 {[%clk 0:00:28]} 34. Kg2 {[%clk 0:00:37]} Na4
{[%clk 0:00:29]} 35. Rcb1 {[%clk 0:00:28]} R8e4 {[%clk 0:00:38]} 36. Rxe3
{[%clk 0:00:17]} Rxe3 {[%clk 0:00:46]} 37. Rb3 {[%clk 0:00:25]} Re4
{[%clk 0:00:48]} 38. Kf2 {[%clk 0:00:22]} Re8 {[%clk 0:00:42]} 39. Nd2
{[%clk 0:00:17]} d5 {[%clk 0:00:29]} 40. cxd5 {[%clk 0:00:20]} Nxd5
{[%clk 0:00:36]} 41. Nc4 {[%clk 0:00:14]} Kf6 {[%clk 0:00:35]} 42. Nd6
{[%clk 0:00:20]} Rd8 {[%clk 0:00:40]} 43. Ne4+ {[%clk 0:00:28]} Kf7
{[%clk 0:00:47]} 44. Nc6 {[%clk 0:00:34]} Rf8 {[%clk 0:00:21]} 45. Rd3
{[%clk 0:00:37]} Nf6 {[%clk 0:00:28]} 46. Nxf6 {[%clk 0:00:27]} Kxf6
{[%clk 0:00:36]} 47. Rd6+ {[%clk 0:00:32]} Kf7 {[%clk 0:00:45]} 48. g4
{[%clk 0:00:29]} Rc8 {[%clk 0:00:45]} 49. g5 {[%clk 0:00:16]} Nc3
{[%clk 0:00:49]} 50. Ne5+ {[%clk 0:00:22]} Kg8 {[%clk 0:00:56]} 51. Kf3
{[%clk 0:00:19]} hxg5 {[%clk 0:00:59]} 52. fxg5 {[%clk 0:00:27]} b5
{[%clk 0:01:02]} 53. f6 {[%clk 0:00:26]} gxf6 {[%clk 0:01:11]} 54. gxf6
{[%clk 0:00:34]} b4 {[%clk 0:01:19]} 55. axb4 {[%clk 0:00:39]} axb4
{[%clk 0:01:28]} 56. f7+ {[%clk 0:00:44]} Kg7 {[%clk 0:01:18]} 57. Rg6+
{[%clk 0:00:34]} Kh7 {[%clk 0:01:27]} 58. Rb6 {[%clk 0:00:29]} Nd5
{[%clk 0:01:31]} 59. Rb5 {[%clk 0:00:30]} Nf6 {[%clk 0:01:30]} 60. Rxb4
{[%clk 0:00:24]} Kg7 {[%clk 0:01:37]} 61. Rb6 {[%clk 0:00:24]} Rc3+
{[%clk 0:01:42]} 62. Ke2 {[%clk 0:00:16]} Rc5 {[%clk 0:00:16]} 63. f8=Q+
{[%clk 0:00:17]} Kxf8 {[%clk 0:00:25]} 64. Rxf6+ {[%clk 0:00:26]} Ke7
{[%clk 0:00:29]} 65. Ng4 {[%clk 0:00:31]} Rc2+ {[%clk 0:00:36]} 66. Kf1
{[%clk 0:00:35]} 1-0

[Event "Russian Rapid Team Championship (m)"]
[Site "Sochi"]
[Date "2022.10.19"]
[Round "6.14"]
[White "Iljiushenok, Ilia"]
[Black "Nikitenko, Mihail"]
[Result "1-0"]
[BlackElo "2400"]
[WhiteElo "2467"]
[LiveChessVersion "1.4.8"]

1. e4 {[%clk 0:15:18]} e6 {[%clk 0:15:19]} 2. d4 {[%clk 0:15:19]} d5
{[%clk 0:15:27]} 3. Nc3 {[%clk 0:15:25]} Bb4 {[%clk 0:15:35]} 4. e5
{[%clk 0:15:29]} c5 {[%clk 0:15:43]} 5. a3 {[%clk 0:15:36]} Bxc3+
{[%clk 0:15:52]} 6. bxc3 {[%clk 0:15:44]} Ne7 {[%clk 0:16:00]} 7. Qg4
{[%clk 0:15:52]} Kf8 {[%clk 0:16:09]} 8. Qd1 {[%clk 0:14:15]} Qc7
{[%clk 0:15:52]} 9. Nf3 {[%clk 0:12:50]} b6 {[%clk 0:16:01]} 10. a4
{[%clk 0:12:33]} Ba6 {[%clk 0:15:45]} 11. Bb5 {[%clk 0:12:39]} Bxb5
{[%clk 0:14:17]} 12. axb5 {[%clk 0:12:47]} a5 {[%clk 0:14:09]} 13. bxa6
{[%clk 0:10:28]} Rxa6 {[%clk 0:14:18]} 14. Rxa6 {[%clk 0:10:36]} Nxa6
{[%clk 0:14:26]} 15. O-O {[%clk 0:10:45]} Nb8 {[%clk 0:14:35]} 16. Ba3
{[%clk 0:08:47]} Nd7 {[%clk 0:14:41]} 17. Qd3 {[%clk 0:08:39]} g6
{[%clk 0:13:56]} 18. c4 {[%clk 0:07:34]} Kg7 {[%clk 0:13:32]} 19. cxd5
{[%clk 0:07:17]} c4 {[%clk 0:08:55]} 20. d6 {[%clk 0:06:40]} Qc6 {[%clk 0:09:04]}
21. Qe2 {[%clk 0:05:04]} Nd5 {[%clk 0:09:13]} 22. Ng5 {[%clk 0:04:12]} h6
{[%clk 0:07:02]} 23. Ne4 {[%clk 0:04:21]} b5 {[%clk 0:07:11]} 24. c3
{[%clk 0:04:06]} Nf4 {[%clk 0:04:40]} 25. Qf3 {[%clk 0:03:52]} Nd3
{[%clk 0:04:49]} 26. h4 {[%clk 0:03:30]} Ra8 {[%clk 0:03:54]} 27. Bc1
{[%clk 0:03:33]} b4 {[%clk 0:03:47]} 28. cxb4 {[%clk 0:03:42]} Nxb4
{[%clk 0:03:56]} 29. h5 {[%clk 0:02:03]} gxh5 {[%clk 0:03:19]} 30. Bxh6+
{[%clk 0:01:17]} Kxh6 {[%clk 0:03:17]} 31. Qf4+ {[%clk 0:01:26]} Kg7
{[%clk 0:03:04]} 32. Qg5+ {[%clk 0:01:35]} Kh8 {[%clk 0:01:48]} 33. Qh6+
{[%clk 0:01:26]} Kg8 {[%clk 0:01:57]} 34. Nf6+ {[%clk 0:01:35]} 1-0

[Event "Russian Rapid Team Championship (m)"]
[Site "Sochi"]
[Date "2022.10.19"]
[Round "6.15"]
[White "Fedorov, Alexei"]
[Black "Pridorozhni, Aleksei"]
[Result "1/2-1/2"]
[BlackElo "2538"]
[WhiteElo "2522"]
[LiveChessVersion "1.4.8"]

1. e4 {[%clk 0:15:17]} d6 {[%clk 0:15:19]} 2. g3 {[%clk 0:15:01]} d5
{[%clk 0:14:48]} 3. exd5 {[%clk 0:14:49]} Qxd5 {[%clk 0:14:56]} 4. Nf3
{[%clk 0:14:57]} Bg4 {[%clk 0:14:45]} 5. Bg2 {[%clk 0:15:04]} Qe6+
{[%clk 0:14:48]} 6. Kf1 {[%clk 0:15:12]} Bh3 {[%clk 0:14:39]} 7. d4
{[%clk 0:14:08]} Nf6 {[%clk 0:14:36]} 8. b3 {[%clk 0:13:41]} g6 {[%clk 0:13:52]}
9. c4 {[%clk 0:12:41]} Bg7 {[%clk 0:13:30]} 10. Bf4 {[%clk 0:11:47]} c6
{[%clk 0:12:48]} 11. Nc3 {[%clk 0:11:08]} O-O {[%clk 0:12:43]} 12. Qd2
{[%clk 0:10:59]} Ne4 {[%clk 0:10:09]} 13. Nxe4 {[%clk 0:10:44]} Qxe4
{[%clk 0:10:17]} 14. Bxh3 {[%clk 0:08:57]} Qxf3 {[%clk 0:10:25]} 15. Bg2
{[%clk 0:09:06]} Qh5 {[%clk 0:09:45]} 16. Re1 {[%clk 0:08:32]} Na6
{[%clk 0:06:19]} 17. Rxe7 {[%clk 0:07:50]} Rad8 {[%clk 0:06:23]} 18. d5
{[%clk 0:07:20]} cxd5 {[%clk 0:06:14]} 19. Bxd5 {[%clk 0:06:25]} Qh3+
{[%clk 0:05:45]} 20. Kg1 {[%clk 0:04:30]} Bf6 {[%clk 0:03:33]} 21. Rxb7
{[%clk 0:02:56]} Nc5 {[%clk 0:03:40]} 22. Rxa7 {[%clk 0:03:05]} Ne4
{[%clk 0:03:36]} 23. Qd3 {[%clk 0:02:12]} Nc3 {[%clk 0:03:42]} 24. Be3
{[%clk 0:01:28]} Nxd5 {[%clk 0:02:45]} 25. cxd5 {[%clk 0:01:37]} Rfe8
{[%clk 0:02:53]} 26. d6 {[%clk 0:01:35]} Re6 {[%clk 0:01:27]} 27. d7
{[%clk 0:01:16]} Be7 {[%clk 0:01:35]} 28. Qf1 {[%clk 0:01:16]} Qf5
{[%clk 0:01:31]} 29. h3 {[%clk 0:01:21]} h5 {[%clk 0:01:14]} 30. h4
{[%clk 0:00:53]} Qf3 {[%clk 0:00:36]} 31. Kh2 {[%clk 0:00:45]} Bd6
{[%clk 0:00:32]} 32. Qg2 {[%clk 0:00:48]} Qg4 {[%clk 0:00:38]} 33. Rc1
{[%clk 0:00:29]} Rxe3 {[%clk 0:00:24]} 34. fxe3 {[%clk 0:00:32]} Qxh4+
{[%clk 0:00:33]} 35. Kg1 {[%clk 0:00:26]} Qg4 {[%clk 0:00:39]} 36. Rc8
{[%clk 0:00:28]} Be7 {[%clk 0:00:39]} 37. Rxd8+ {[%clk 0:00:24]} Bxd8
{[%clk 0:00:48]} 38. Qf2 {[%clk 0:00:13]} h4 {[%clk 0:00:49]} 39. Qf4
{[%clk 0:00:19]} Qd1+ {[%clk 0:00:57]} 40. Kg2 {[%clk 0:00:24]} hxg3
{[%clk 0:00:53]} 41. Qxg3 {[%clk 0:00:22]} Qe2+ {[%clk 0:00:53]} 42. Qf2
{[%clk 0:00:14]} Qg4+ {[%clk 0:01:01]} 43. Kh2 {[%clk 0:00:12]} Qh5+
{[%clk 0:01:05]} 44. Kg2 {[%clk 0:00:14]} Qg4+ {[%clk 0:01:11]} 45. Qg3
{[%clk 0:00:21]} Qe2+ {[%clk 0:01:20]} 46. Qf2 {[%clk 0:00:26]} Qg4+
{[%clk 0:01:28]} 47. Qg3 {[%clk 0:00:32]} 1/2-1/2

[Event "Russian Rapid Team Championship (m)"]
[Site "Sochi"]
[Date "2022.10.19"]
[Round "6.16"]
[White "Kabanov, Nikolai"]
[Black "Aleksandrov, Aleksej"]
[Result "1/2-1/2"]
[BlackElo "2439"]
[WhiteElo "2367"]
[LiveChessVersion "1.4.8"]

1. e4 {[%clk 0:15:18]} e5 {[%clk 0:15:20]} 2. Nf3 {[%clk 0:15:26]} Nc6
{[%clk 0:15:28]} 3. Bc4 {[%clk 0:15:33]} Bc5 {[%clk 0:15:33]} 4. c3
{[%clk 0:15:41]} Nf6 {[%clk 0:15:37]} 5. d4 {[%clk 0:15:49]} exd4
{[%clk 0:15:45]} 6. e5 {[%clk 0:15:57]} d5 {[%clk 0:15:54]} 7. Bb5
{[%clk 0:16:06]} Ne4 {[%clk 0:16:02]} 8. cxd4 {[%clk 0:16:13]} Bb6
{[%clk 0:16:08]} 9. Nc3 {[%clk 0:16:20]} O-O {[%clk 0:16:15]} 10. Be3
{[%clk 0:16:28]} Bg4 {[%clk 0:16:03]} 11. h3 {[%clk 0:16:36]} Bh5
{[%clk 0:16:12]} 12. Qc2 {[%clk 0:16:44]} Bg6 {[%clk 0:15:36]} 13. Qb3
{[%clk 0:16:48]} Ne7 {[%clk 0:15:43]} 14. Nh4 {[%clk 0:16:39]} Nxc3
{[%clk 0:11:46]} 15. bxc3 {[%clk 0:16:46]} Be4 {[%clk 0:11:45]} 16. O-O
{[%clk 0:16:20]} a6 {[%clk 0:11:33]} 17. Be2 {[%clk 0:16:21]} Nc6
{[%clk 0:11:41]} 18. Nf3 {[%clk 0:16:18]} Na5 {[%clk 0:11:19]} 19. Qd1
{[%clk 0:16:23]} Bg6 {[%clk 0:11:01]} 20. Nd2 {[%clk 0:16:03]} f6
{[%clk 0:11:03]} 21. f4 {[%clk 0:16:05]} fxe5 {[%clk 0:11:11]} 22. fxe5
{[%clk 0:16:13]} Qe7 {[%clk 0:11:13]} 23. Qa4 {[%clk 0:13:47]} h6
{[%clk 0:06:30]} 24. Kh1 {[%clk 0:11:17]} Kh7 {[%clk 0:05:50]} 25. Rae1
{[%clk 0:11:06]} Rad8 {[%clk 0:05:34]} 26. Bg1 {[%clk 0:10:12]} Nc6
{[%clk 0:05:08]} 27. Rxf8 {[%clk 0:09:47]} Rxf8 {[%clk 0:04:53]} 28. Qb3
{[%clk 0:09:32]} Rd8 {[%clk 0:04:50]} 29. Rf1 {[%clk 0:09:05]} Na5 30. Qd1
{[%clk 0:07:43]} c5 {[%clk 0:04:08]} 31. Bh5 {[%clk 0:07:24]} Qe8
{[%clk 0:03:48]} 32. Qb1 {[%clk 0:07:31]} Bxb1 {[%clk 0:02:47]} 33. Bxe8
{[%clk 0:07:34]} Bd3 {[%clk 0:02:31]} 34. Rf3 {[%clk 0:06:41]} Be4
{[%clk 0:02:13]} 35. Rf8 {[%clk 0:05:25]} Bg6 {[%clk 0:01:43]} 36. dxc5
{[%clk 0:03:54]} Bc7 {[%clk 0:01:52]} 37. Bxg6+ {[%clk 0:03:58]} Kxg6
{[%clk 0:02:01]} 38. Rxd8 {[%clk 0:03:56]} Bxd8 {[%clk 0:02:10]} 39. g4
{[%clk 0:03:47]} Kf7 {[%clk 0:02:12]} 40. Kg2 {[%clk 0:03:08]} Nc6
{[%clk 0:00:41]} 41. Nf3 {[%clk 0:03:12]} Be7 {[%clk 0:00:49]} 42. Bd4
{[%clk 0:02:51]} Nd8 {[%clk 0:00:56]} 43. Ne1 {[%clk 0:02:13]} Ne6
{[%clk 0:00:33]} 44. Nd3 {[%clk 0:02:21]} a5 45. Kf3 {[%clk 0:01:47]} g5
{[%clk 0:00:41]} 46. Ke3 {[%clk 0:01:47]} Ke8 {[%clk 0:00:49]} 47. c4
{[%clk 0:00:54]} dxc4 {[%clk 0:00:55]} 48. Nb2 {[%clk 0:01:03]} c3
{[%clk 0:00:15]} 49. Bxc3 {[%clk 0:01:12]} Bxc5+ {[%clk 0:00:23]} 50. Ke4
{[%clk 0:01:19]} b6 {[%clk 0:00:30]} 51. Nd3 {[%clk 0:01:13]} Be7
{[%clk 0:00:37]} 52. a4 {[%clk 0:00:55]} Bd8 {[%clk 0:00:30]} 53. Bd2
{[%clk 0:00:59]} Kd7 {[%clk 0:00:21]} 54. Kf5 {[%clk 0:01:01]} Nc7
{[%clk 0:00:28]} 55. Nf2 {[%clk 0:00:33]} b5 {[%clk 0:00:27]} 56. axb5
{[%clk 0:00:32]} Nxb5 {[%clk 0:00:36]} 57. e6+ {[%clk 0:00:41]} Kc6
{[%clk 0:00:40]} 58. e7 {[%clk 0:00:39]} Bxe7 {[%clk 0:00:46]} 59. Bxa5
{[%clk 0:00:48]} Kd5 {[%clk 0:00:47]} 60. Kg6 {[%clk 0:00:51]} Bf8
{[%clk 0:00:56]} 61. Kf7 {[%clk 0:00:59]} Bc5 {[%clk 0:01:04]} 62. Nd3
{[%clk 0:01:07]} Be3 {[%clk 0:01:10]} 63. Kg6 {[%clk 0:01:12]} Ke4
{[%clk 0:01:19]} 64. Ne1 {[%clk 0:01:11]} Nd4 {[%clk 0:00:36]} 65. Kxh6
{[%clk 0:01:15]} Ne6 {[%clk 0:00:43]} 66. Ng2 {[%clk 0:00:53]} Bc1
{[%clk 0:00:46]} 67. Ne1 {[%clk 0:00:39]} Ke5 1/2-1/2

[Event "Russian Rapid Team Championship (m)"]
[Site "Sochi"]
[Date "2022.10.19"]
[Round "7.1"]
[White "Smirnov, Pavel"]
[Black "Ponkratov, Pavel"]
[Result "0-1"]
[BlackElo "2518"]
[WhiteElo "2458"]
[LiveChessVersion "1.4.8"]

1. d4 {[%clk 0:15:04]} Nf6 {[%clk 0:15:18]} 2. c4 {[%clk 0:15:13]} e6
{[%clk 0:15:23]} 3. Nf3 {[%clk 0:15:19]} d5 {[%clk 0:15:31]} 4. Nc3
{[%clk 0:14:14]} Bb4 {[%clk 0:15:38]} 5. Bg5 {[%clk 0:14:20]} Nbd7
{[%clk 0:14:54]} 6. e3 {[%clk 0:14:12]} O-O {[%clk 0:14:59]} 7. Rc1
{[%clk 0:13:43]} h6 {[%clk 0:15:04]} 8. Bh4 {[%clk 0:13:52]} c5 {[%clk 0:14:39]}
9. cxd5 {[%clk 0:13:58]} exd5 {[%clk 0:14:42]} 10. dxc5 {[%clk 0:13:34]} Qa5
{[%clk 0:14:17]} 11. a3 {[%clk 0:12:55]} Bxc3+ {[%clk 0:14:20]} 12. Rxc3
{[%clk 0:13:04]} Ne4 {[%clk 0:14:13]} 13. b4 {[%clk 0:13:13]} Nxc3
{[%clk 0:14:21]} 14. Qa1 {[%clk 0:13:22]} Qa4 {[%clk 0:13:46]} 15. Qxc3
{[%clk 0:13:30]} a5 {[%clk 0:13:55]} 16. b5 {[%clk 0:13:39]} Nxc5
{[%clk 0:13:10]} 17. Qxc5 {[%clk 0:13:48]} Be6 {[%clk 0:13:11]} 18. Qc3
{[%clk 0:13:27]} Rfc8 {[%clk 0:13:10]} 19. Qa1 {[%clk 0:13:36]} Bg4
{[%clk 0:11:19]} 20. Bg3 {[%clk 0:12:02]} d4 {[%clk 0:10:01]} 21. Be2
{[%clk 0:10:36]} Bxf3 {[%clk 0:10:02]} 22. gxf3 {[%clk 0:09:42]} Qc2
{[%clk 0:09:07]} 23. Qd1 {[%clk 0:09:11]} Qc3+ {[%clk 0:08:54]} 24. Kf1
{[%clk 0:08:41]} dxe3 {[%clk 0:09:00]} 25. Qd3 {[%clk 0:05:49]} Qxd3
{[%clk 0:07:23]} 26. Bxd3 {[%clk 0:05:58]} Rc1+ {[%clk 0:07:32]} 27. Kg2
{[%clk 0:06:07]} Rxh1 {[%clk 0:07:40]} 28. Kxh1 {[%clk 0:06:16]} Rd8
{[%clk 0:07:49]} 29. Bf1 {[%clk 0:06:05]} Rd1 {[%clk 0:07:58]} 30. Kg2
{[%clk 0:06:12]} Rd2 {[%clk 0:08:06]} 31. Bf4 {[%clk 0:06:15]} Rxf2+
{[%clk 0:08:14]} 32. Kg1 {[%clk 0:06:22]} Rxf3 {[%clk 0:08:23]} 33. Bc7
{[%clk 0:04:42]} a4 {[%clk 0:07:48]} 34. Bd6 {[%clk 0:02:49]} Rf2
{[%clk 0:07:42]} 35. Bc5 {[%clk 0:02:20]} Ra2 {[%clk 0:07:33]} 36. Bd3
{[%clk 0:02:00]} Rd2 {[%clk 0:07:41]} 37. Be4 {[%clk 0:01:17]} Rd1+
{[%clk 0:07:49]} 38. Kg2 {[%clk 0:01:26]} e2 {[%clk 0:07:58]} 39. Bf2
{[%clk 0:01:34]} e1=Q {[%clk 0:08:02]} 40. Bxe1 {[%clk 0:01:42]} Rxe1
{[%clk 0:08:11]} 41. Bxb7 {[%clk 0:01:51]} Re3 {[%clk 0:08:14]} 42. Bd5
{[%clk 0:01:50]} Rxa3 {[%clk 0:08:04]} 43. b6 {[%clk 0:01:53]} Ra1
{[%clk 0:08:13]} 0-1

[Event "Russian Rapid Team Championship (m)"]
[Site "Sochi"]
[Date "2022.10.19"]
[Round "7.2"]
[White "Shomoev, Anton"]
[Black "Makarian, Rudik"]
[Result "0-1"]
[BlackElo "2469"]
[WhiteElo "2553"]
[LiveChessVersion "1.4.8"]

1. e4 {[%clk 0:15:17]} c5 {[%clk 0:14:23]} 2. Nf3 {[%clk 0:15:25]} e6
{[%clk 0:14:32]} 3. d4 {[%clk 0:15:34]} cxd4 {[%clk 0:14:40]} 4. Nxd4
{[%clk 0:15:43]} Nc6 {[%clk 0:14:49]} 5. Nc3 {[%clk 0:15:51]} a6 {[%clk 0:14:57]}
6. Qd3 {[%clk 0:16:00]} Nge7 {[%clk 0:13:40]} 7. Nxc6 {[%clk 0:16:08]} bxc6
{[%clk 0:12:28]} 8. e5 {[%clk 0:11:39]} Ng6 {[%clk 0:12:08]} 9. f4
{[%clk 0:11:42]} c5 {[%clk 0:10:13]} 10. Be2 {[%clk 0:10:24]} Bb7
{[%clk 0:09:45]} 11. Bf3 {[%clk 0:10:29]} c4 {[%clk 0:09:31]} 12. Qe2
{[%clk 0:10:34]} Bxf3 {[%clk 0:09:37]} 13. Qxf3 {[%clk 0:10:44]} Rb8
{[%clk 0:08:40]} 14. O-O {[%clk 0:10:42]} Bc5+ {[%clk 0:08:45]} 15. Kh1
{[%clk 0:10:42]} O-O {[%clk 0:08:46]} 16. Qe2 {[%clk 0:09:08]} d5
{[%clk 0:05:15]} 17. exd6 {[%clk 0:09:15]} Bxd6 {[%clk 0:05:23]} 18. Qxc4
{[%clk 0:05:21]} Rb4 {[%clk 0:05:02]} 19. Qxa6 {[%clk 0:05:26]} Nxf4
{[%clk 0:04:36]} 20. Bxf4 {[%clk 0:02:35]} Bxf4 {[%clk 0:04:25]} 21. a3
{[%clk 0:01:34]} Rb6 {[%clk 0:03:11]} 22. Qc4 {[%clk 0:01:41]} Bb8
{[%clk 0:02:03]} 23. Rad1 {[%clk 0:01:36]} Qg5 {[%clk 0:01:29]} 24. g3
{[%clk 0:00:22]} Rxb2 {[%clk 0:01:32]} 25. Ne4 {[%clk 0:00:30]} Qe7
{[%clk 0:01:14]} 26. Rd3 {[%clk 0:00:22]} Qb7 {[%clk 0:01:13]} 27. Rdf3
{[%clk 0:00:20]} h6 {[%clk 0:00:55]} 28. R1f2 {[%clk 0:00:16]} Rc8
{[%clk 0:00:44]} 29. Qd3 {[%clk 0:00:15]} f5 {[%clk 0:00:31]} 30. Nc3
{[%clk 0:00:23]} Be5 {[%clk 0:00:30]} 31. Nd1 {[%clk 0:00:30]} Rcxc2
{[%clk 0:00:26]} 32. Kg1 {[%clk 0:00:13]} Rxf2 {[%clk 0:00:24]} 33. Rxf2
{[%clk 0:00:21]} Rb1 {[%clk 0:00:27]} 34. Re2 {[%clk 0:00:23]} Rb5
{[%clk 0:00:20]} 35. Nf2 {[%clk 0:00:21]} Rb1+ {[%clk 0:00:23]} 36. Nd1
{[%clk 0:00:30]} Rb5 {[%clk 0:00:32]} 37. Nf2 {[%clk 0:00:40]} Rd5
{[%clk 0:00:27]} 38. Qc4 {[%clk 0:00:29]} Kh7 {[%clk 0:00:25]} 39. Kf1
{[%clk 0:00:28]} Rb5 {[%clk 0:00:18]} 40. Nd3 {[%clk 0:00:15]} Qh1+
{[%clk 0:00:20]} 41. Kf2 {[%clk 0:00:24]} Qxh2+ {[%clk 0:00:28]} 42. Ke3
{[%clk 0:00:20]} Qxg3+ {[%clk 0:00:26]} 43. Kd2 {[%clk 0:00:29]} Rd5
{[%clk 0:00:17]} 44. Kc2 {[%clk 0:00:36]} Bf6 {[%clk 0:00:19]} 45. Rxe6
{[%clk 0:00:33]} Rd4 {[%clk 0:00:23]} 46. Qb5 {[%clk 0:00:33]} Qg2+
{[%clk 0:00:28]} 47. Kb3 {[%clk 0:00:36]} Rd5 {[%clk 0:00:29]} 48. Qc4
{[%clk 0:00:37]} Qf3 {[%clk 0:00:27]} 49. Kc2 {[%clk 0:00:13]} Rd4
{[%clk 0:00:31]} 50. Qb5 {[%clk 0:00:23]} h5 {[%clk 0:00:23]} 51. Re1
{[%clk 0:00:15]} Qg2+ {[%clk 0:00:16]} 52. Kb3 {[%clk 0:00:14]} Qf3
{[%clk 0:00:23]} 53. Kc2 {[%clk 0:00:22]} Qg2+ {[%clk 0:00:20]} 54. Kb3
{[%clk 0:00:31]} Qd2 {[%clk 0:00:17]} 55. Qxf5+ {[%clk 0:00:39]} Kh6
{[%clk 0:00:26]} 56. Rh1 {[%clk 0:00:12]} Rxd3+ {[%clk 0:00:34]} 57. Ka4
{[%clk 0:00:20]} Rd4+ {[%clk 0:00:37]} 0-1

[Event "Russian Rapid Team Championship (m)"]
[Site "Sochi"]
[Date "2022.10.19"]
[Round "7.3"]
[White "Demidov, Mikhail"]
[Black "Lysyj, Igor"]
[Result "1/2-1/2"]
[BlackElo "2530"]
[WhiteElo "2488"]
[LiveChessVersion "1.4.8"]

1. d4 {[%clk 0:15:15]} Nf6 {[%clk 0:15:19]} 2. Nf3 {[%clk 0:15:11]} d5
{[%clk 0:15:27]} 3. e3 {[%clk 0:14:48]} c5 {[%clk 0:15:14]} 4. dxc5
{[%clk 0:14:27]} e6 {[%clk 0:15:17]} 5. a3 {[%clk 0:14:33]} Bxc5 {[%clk 0:15:22]}
6. b4 {[%clk 0:14:41]} Be7 {[%clk 0:15:29]} 7. Bb2 {[%clk 0:14:48]} O-O
{[%clk 0:15:31]} 8. c4 {[%clk 0:14:54]} dxc4 {[%clk 0:15:36]} 9. Bxc4
{[%clk 0:13:40]} Qxd1+ {[%clk 0:15:35]} 10. Kxd1 {[%clk 0:13:48]} Nbd7
{[%clk 0:15:01]} 11. Ke2 {[%clk 0:12:04]} a5 {[%clk 0:14:50]} 12. bxa5
{[%clk 0:10:13]} Rxa5 {[%clk 0:14:57]} 13. Nbd2 {[%clk 0:10:13]} Nb6
{[%clk 0:14:20]} 14. Bd3 {[%clk 0:09:44]} Na4 {[%clk 0:13:37]} 15. Bd4
{[%clk 0:09:32]} Nc5 {[%clk 0:13:33]} 16. Bc4 {[%clk 0:06:42]} Bd7
{[%clk 0:13:15]} 17. Ne5 {[%clk 0:05:23]} Rfa8 {[%clk 0:12:29]} 18. Bxc5
{[%clk 0:03:42]} Rxc5 {[%clk 0:12:18]} 19. Nxd7 {[%clk 0:03:26]} Nxd7
{[%clk 0:12:25]} 20. Rhb1 {[%clk 0:02:45]} Rc7 {[%clk 0:10:08]} 1/2-1/2